| 000 | 01125nam a2200325 i 4500 | ||
|---|---|---|---|
| 003 | EG-GICUC | ||
| 005 | 20260502195106.0 | ||
| 008 | 260427s1987 cau||||f |||| 001 0 eng d | ||
| 020 | _a0803922108 | ||
| 020 | _a0803922116 | ||
| 040 |
_aEG-GiCUC _beng _cEG-GiCUC _dEG-GiCUC _erda |
||
| 041 | 0 | _aeng | |
| 082 | 0 | 4 |
_221 _a343.766073 _bTH . C |
| 092 | 0 | 4 | _221 |
| 099 | _aLaw1 10 343.766073 TH . C 1987 1012189 C1 | ||
| 100 | 1 |
_aThomas, Charles W. _eAuthor. |
|
| 245 | 1 | 3 |
_aCorrections In America Problems Of The Past And The Present / _cBy Charles W. Thomas. |
| 264 | 1 |
_aNewbury Park ; _aBeverly Hills ; _aLondon ; _aNew Delhi ; _bSage Nations The Publishers Of Professional Social Sornor , _c1987. |
|
| 300 |
_a159 pages ; _c24 cm. |
||
| 336 |
_2rda content _atext |
||
| 337 |
_2rda media _aComputer |
||
| 338 |
_2rda carrier _aOnline Resource |
||
| 490 | 0 |
_3Law And Criminal Justice Series ; _vVolume 7 |
|
| 504 | _aIndex Pages : 155-158. | ||
| 650 | 1 | 4 | _aCriminal law |
| 651 | 1 | 4 |
_aAmerica _xCorrections |
| 856 | 4 | 0 | _uhttps://fll.law.cu.edu.eg/fulltext/bks/B10-12189.pdf |
| 905 | _a164 | ||
| 942 |
_2ddc _cBK _e21 _n0 |
||
| 999 |
_c73716 _d73716 |
||